000
00256nam a2200109Ia 4500
008
230907s9999||||xx |||||||||||||| ||und||
082
_a
153.83
_b
GIG
245
0
_a
Risk savvy :
260
_a
Penguin Books,
_b
Canada :
_c
2015
300
_a
322 p.
942
_c
BK
999
_c
601116
_d
601116